000 00352nam a2200145Ia 4500
008 151213s9999 xx 000 0 und d
100 _aEmily Bronte
245 _aWithering Heights
_cEmily Bronte
260 _aLondon
_bPenguing Books
_c1847
300 _a6542 p.
650 _aEnglish
650 _aFiction
700 _aEmily Bronte
999 _c3624
_d3624